000 00575cab a2200229 4500
001 X440
008 090401t1993 xxu||||| |||| 00| 0 eng d
035 _a(Sirsi) u65618
041 _aeng
245 _atop firms cut pay and staff
260 _c1993
350 _a0
490 _aEstates Gazette
_v(9305) 6 February 1993, 34(1)
650 _aHILLIER PARKER
650 _aREDUCTIONS
650 _aREDUNDANCIES
650 _aSALARIES
650 _aST QUINTIN
690 _aMANAGEMENT-BUSINESS MANAGEMENT-PROFESSIONAL PRACTICE
942 _n0
948 _c04/03/1997
999 _c40936
_d40936